The imitation of Christ (Record no. 57326)
[ view plain ]
| 000 -LEADER | |
|---|---|
| fixed length control field | 00654nam a2200229Ia 4500 |
| 005 - DATE AND TIME OF LATEST TRANSACTION | |
| control field | 20260629163255.0 |
| 008 - FIXED-LENGTH DATA ELEMENTS--GENERAL INFORMATION | |
| fixed length control field | 260629s9999||||xx |||||||||||||| ||und|| |
| 020 ## - INTERNATIONAL STANDARD BOOK NUMBER | |
| International Standard Book Number | 0006236839 |
| Qualifying information | pbk |
| 020 ## - INTERNATIONAL STANDARD BOOK NUMBER | |
| International Standard Book Number | 9780006236832 |
| Qualifying information | pbk |
| 082 ## - DEWEY DECIMAL CLASSIFICATION NUMBER | |
| Classification number | 242 |
| Item number | KEM |
| 100 ## - MAIN ENTRY--PERSONAL NAME | |
| Personal name | Kempis, Thomas a |
| 245 #4 - TITLE STATEMENT | |
| Title | The imitation of Christ |
| 260 ## - PUBLICATION, DISTRIBUTION, ETC. | |
| Place of publication, distribution, etc. | London |
| Name of publisher, distributor, etc. | Fount an imprint of HarperCollins Publishers |
| Date of publication, distribution, etc. | 1977 |
| 300 ## - PHYSICAL DESCRIPTION | |
| Extent | 221p. ; 18cm. |
| 653 ## - INDEX TERM--UNCONTROLLED | |
| Uncontrolled term | Catholic Church—Doctrines |
| 653 ## - INDEX TERM--UNCONTROLLED | |
| Uncontrolled term | Christian life |
| 653 ## - INDEX TERM--UNCONTROLLED | |
| Uncontrolled term | Devotional literature |
| 653 ## - INDEX TERM--UNCONTROLLED | |
| Uncontrolled term | Meditations |
| 653 ## - INDEX TERM--UNCONTROLLED | |
| Uncontrolled term | Spiritual life—Christianity |
| 700 ## - ADDED ENTRY--PERSONAL NAME | |
| Personal name | Knott, Betty I. [tr.] |
| 942 ## - ADDED ENTRY ELEMENTS (KOHA) | |
| Koha item type | Book |
| Withdrawn status | Lost status | Damaged status | Not for loan | Home library | Current library | Shelving location | Date acquired | Source of acquisition | Total Checkouts | Full call number | Barcode | Date last seen | Price effective from | Koha item type |
|---|---|---|---|---|---|---|---|---|---|---|---|---|---|---|
| LRC, IIT Indore | LRC, IIT Indore | 3rd Floor - General Stack | 29/06/2026 | Gratis Book Price: GBP 3.99 | 242 KEM | G2551 | 29/06/2026 | 29/06/2026 | Book |
